|
|
|
|
| LEADER |
01725nam a2200277 a 4500 |
| 001 |
GR-MES16043 |
| 008 |
131204s2000 gr g 000 0 eng d |
| 020 |
|
|
|a 9789607344892
|
| 040 |
|
|
|a GrPaTEI
|b gre
|c GR-PaULI
|
| 040 |
|
|
|a GrPaTEI
|b gre
|c GR-PaULI
|
| 082 |
|
0 |
|a 42007
|2 21
|
| 100 |
1 |
|
|a Antoniou, Constantina
|
| 245 |
1 |
0 |
|a Business english studies /
|c Constantina Antoniou.
|
| 260 |
|
|
|a Athens :
|b Σύγχρονη εκδοτική,
|c 2000
|
| 300 |
|
|
|a 524 σ.
|
| 500 |
|
|
|a Σύστημα "ΕΥΔΟΞΟΣ": αρ. εισ. 26218, 26603, 26710, 26766, 26799, 26811,27339,27338
|
| 610 |
|
4 |
|a Σύστημα ΕΥΔΟΞΟΣ
|
| 650 |
|
4 |
|a Αγγλική γλώσσα
|x Μελέτη και διδασκαλία
|
| 710 |
0 |
|
|a Σύγχρονη εκδοτική
|
| 942 |
|
|
|2 ddc
|
| 952 |
|
|
|0 0
|1 0
|2 ddc
|4 0
|6 420_070000000000000_ANT
|7 0
|9 273896
|a MSLG
|b MSLG
|c EUD
|d 2021-01-17
|e 24
|f 0
|g 0.00
|i 26218
|l 0
|o 420.07 ANT
|p 2420000026218
|r 2021-01-17 00:00:00
|t 1
|w 2021-01-17
|y BK15
|x 20131204 0 ΧΑΣΑΝΗ 1
|x GrPaTEI
|
| 952 |
|
|
|0 0
|1 0
|2 ddc
|4 0
|6 420_070000000000000_ANT
|7 0
|9 273900
|a MSLG
|b MSLG
|c EUD
|d 2021-01-17
|e 24
|f 0
|g 0.00
|i 26799
|l 0
|o 420.07 ANT
|p 2420000026799
|r 2021-01-17 00:00:00
|t 2
|v 2021.00
|w 2021-01-17
|y BK15
|x 20131204 0 ΧΑΣΑΝΗ 0
|x GrPaTEI
|
| 952 |
|
|
|0 0
|1 0
|2 ddc
|4 0
|6 420_070000000000000_ΑΝΤ
|7 0
|9 273902
|a MSLG
|b MSLG
|c EUD
|d 2021-01-17
|e 24
|f 0
|g 0.00
|i 27338
|l 0
|o 420.07 ΑΝΤ
|p 2420000027338
|r 2021-01-17 00:00:00
|t 3
|w 2021-01-17
|y BK15
|x 20140304 0 Κ.Γ. 1
|x GrPaTEI
|
| 952 |
|
|
|0 0
|1 0
|2 ddc
|4 0
|6 420_070000000000000_ΑΝΤ
|7 0
|9 273903
|a MSLG
|b MSLG
|c EUD
|d 2021-01-17
|e 24
|f 0
|g 0.00
|i 27339
|l 0
|o 420.07 ΑΝΤ
|p 2420000027339
|r 2021-01-17 00:00:00
|t 4
|w 2021-01-17
|y BK15
|x 20140304 0 Κ.Γ. 1
|x GrPaTEI
|
| 971 |
|
|
|a .b25820928
|b 15-04-20
|c 13-09-16
|
| 999 |
|
|
|c 158548
|d 158548
|